00496nam a2200181 a 450000500170000000800410001702000180005805000220007610000200009824500490011826000340016730000210020152100080022265000200023065000210025070000230027170000200029420140310183341.0061129s19uu xx 00 eng d a981-2595-84-4 aRT 85b.B963 2005 aBurnard, Philip aProfessional and ethical issues in nursing / aSingapore :bElsevier,c2005. a153 p. :c23 cm. aNUR aNursing ethics. aEthics, Nursing. aChapman, Christine aSmallman, Suzan